000 00370nam a2200133Ia 4500
005 20260328104245.0
008 260328s9999||||xx |||||||||||||| ||und||
100 _aBuschiazzo, Mario J.
245 0 _aArgentina :
_b Monumentos Históricos Arqueológicos /
_cMario J. Buschiazzo
260 _bComision de Historia
300 _a173 p.
650 _aARGENTINA
942 _cBK
999 _c10022
_d10022